Lewis's medical-surgical nursing : (Record no. 32351)

000 -LEADER
fixed length control field 00963nam a22002417a 4500
008 - FIXED-LENGTH DATA ELEMENTS--GENERAL INFORMATION
fixed length control field 260122b |||||||| |||| 00| 0 eng d
020 ## - INTERNATIONAL STANDARD BOOK NUMBER
International Standard Book Number 9780323551496
050 ## - LIBRARY OF CONGRESS CALL NUMBER
Classification number RT41
Item number .L49 2020
245 ## - TITLE STATEMENT
Title Lewis's medical-surgical nursing :
Remainder of title assessment and management of clinical problems /
Statement of responsibility, etc. edited by Mariann M. Harding, Jeffrey Kwong, Debra Hagler, Courtney Reinisch.
250 ## - EDITION STATEMENT
Edition statement 11th edition.
260 ## - PUBLICATION, DISTRIBUTION, ETC. (IMPRINT)
Place of publication, distribution, etc. St. Louis, Missouri :
Name of publisher, distributor, etc. Elsevier,
Date of publication, distribution, etc. 2020
300 ## - PHYSICAL DESCRIPTION
Extent xxii, 1636 pages :
Other physical details color illustrations ;
Dimensions c28 cm
504 ## - BIBLIOGRAPHY, ETC. NOTE
Bibliography, etc Includes bibliographical references and index.
650 ## - SUBJECT ADDED ENTRY--TOPICAL TERM
Topical term or geographic name as entry element Medical-surgical nursing
Form subdivision Textbooks.
650 ## - SUBJECT ADDED ENTRY--TOPICAL TERM
Topical term or geographic name as entry element Adult nursing
Form subdivision Textbooks.
650 ## - SUBJECT ADDED ENTRY--TOPICAL TERM
Topical term or geographic name as entry element Nursing assessment.
650 ## - SUBJECT ADDED ENTRY--TOPICAL TERM
Topical term or geographic name as entry element Clinical nursing.
700 ## - ADDED ENTRY--PERSONAL NAME
Personal name Harding, Mariann M.,
Relator term editor.
700 ## - ADDED ENTRY--PERSONAL NAME
Personal name Kwong, Jeffrey,
Relator term editor.
700 ## - ADDED ENTRY--PERSONAL NAME
Personal name Hagler, Debra,
Relator term editor.
700 ## - ADDED ENTRY--PERSONAL NAME
Personal name Reinisch, Courtney,
Relator term editor.
942 ## - ADDED ENTRY ELEMENTS (KOHA)
Source of classification or shelving scheme
Koha item type Hard Covered Materials
Classification part RT41 .L49 2020
Holdings
Withdrawn status Lost status Source of classification or shelving scheme Damaged status Not for loan Home library Current library Shelving location Date acquired Source of acquisition Cost, normal purchase price Total Checkouts Full call number Barcode Date last seen Price effective from Koha item type
          MACHAKOS UNIVERSITY LIBRARY MACHAKOS UNIVERSITY LIBRARY Open shelf 17/11/2025 Turaco book house 23500.00   RT41 .L49 2020 40294 28/01/2026 22/01/2026 Hard Covered Materials
© Machakos University Library, Along The Highway, Machakos Wote Rd, Machakos, Kenya P.O. Box 136 - 90100 Machakos - Kenya

Tel: ( +254 ) 723 805829 OR Fax : 044-20353 OR Email: library@mksu.ac.ke